[Event "Bijnor op"]
[Site "Bijnor"]
[Date "2024.03.19"]
[Round "6"]
[White "Srivardhan, Reddy Devareddy"]
[Black "Daksh, Goyal"]
[Result "0-1"]
[WhiteElo "1662"]
[BlackElo "1926"]
[PlyCount "76"]
[EventDate "2024.03.17"]
[EventType "swiss"]
[EventRounds "9"]
[EventCountry "IND"]
[SourceTitle "CB13_2024"]
[SourceDate "2024.03.27"]
[SourceVersion "1"]
[SourceVersionDate "2024.03.27"]
[SourceQuality "1"]

1. d4 Nf6 2. Nf3 g6 3. Nc3 Bg7 4. e4 d6 5. h3 0-0 6. Be3 e5 7. dxe5 dxe5 8. Qxd8 Rxd8 9. Bc4 Nc6 10. Ng5 Rd7 11. Bb5 Ne8 12. g4 Nd6 13. 0-0-0 Nxb5 14. Nxb5 Nd4 15. Bxd4 exd4 16. f4 a6 17. Na3 b5 18. e5 f6 19. exf6 Bxf6 20. Ne4 Be7 21. Rhe1 Bb7 22. f5 gxf5 23. gxf5 Rf8 24. f6 Bxa3 25. bxa3 Bxe4 26. Rxe4 Rxf6 27. Rexd4 Rxd4 28. Rxd4 Rf3 29. a4 Kg7 30. axb5 axb5 31. Rd7+ Rf7 32. Rxf7+ Kxf7 33. c4 b4 34. Kc2 Ke6 35. Kd3 Ke5 36. c5 Kd5 37. c6 Kc5 38. h4 h5 0-1

[Event "Meghalaya op 1st"]
[Site "Shillong"]
[Date "2023.12.18"]
[Round "8"]
[White "Daksh, Goyal"]
[Black "Dhrupad, Kashyap"]
[Result "1-0"]
[WhiteElo "1814"]
[BlackElo "2014"]
[PlyCount "145"]
[EventDate "2023.12.13"]
[EventType "swiss"]
[EventRounds "10"]
[EventCountry "IND"]
[SourceTitle "CB52_2023"]
[SourceDate "2023.12.27"]
[SourceVersion "1"]
[SourceVersionDate "2023.12.27"]
[SourceQuality "1"]

1. e4 c5 2. Nf3 d6 3. d4 cxd4 4. Nxd4 Nf6 5. Nc3 g6 6. Be3 Bg7 7. f3 Nc6 8. Qd2 0-0 9. 0-0-0 d5 10. exd5 Nxd5 11. Nxc6 bxc6 12. Bd4 e5 13. Bc5 Re8 14. Nxd5 cxd5 15. Bb5 Be6 16. Kb1 Re7 17. Bxe7 Qxe7 18. Ba4 a5 19. Bb3 Qc7 20. Bxd5 Rd8 21. c4 e4 22. Qe2 Rb8 23. Rd2 exf3 24. gxf3 Bf5+ 25. Be4 Be6 26. Bd5 Bf5+ 27. Ka1 a4 28. a3 Qc5 29. Ka2 Bf8 30. Be4 Be6 31. Bd5 Bf5 32. Be4 Bh3 33. Rd5 Qc7 34. Rb5 Be6 35. Rd5 Bg7 36. Rb1 Bxd5 37. cxd5 Qb6 38. Qc2 Qb5 39. d6 Be5 40. Bc6 Qb3+ 41. Qxb3 axb3+ 42. Ka1 Bxd6 43. h3 Kg7 44. Rd1 Be5 45. Bd5 Kf6 46. Rd3 Rd8 47. Bc4 Rc8 48. Bxb3 Rc1+ 49. Ka2 Rh1 50. Bc4 Ke7 51. Re3 Kf6 52. Rd3 Ke7 53. Rb3 Rxh3 54. Rb7+ Kd6 55. Rxf7 Rh2 56. Rb7 Rf2 57. a4 Kc6 58. Rb5 Bd4 59. Bd5+ Kc7 60. a5 Rc2 61. Rb4 Bf2 62. Be4 Rc5 63. Rb7+ Kd6 64. b4 Rc8 65. Rxh7 g5 66. Kb3 Ke5 67. Re7+ Kf4 68. Bb7 Rc1 69. Re4+ Kf5 70. Rc4 Rb1+ 71. Ka4 Rb2 72. Be4+ Ke5 73. Rc2 1-0

[Event "Bijnor op"]
[Site "Bijnor"]
[Date "2023.12.01"]
[Round "3"]
[White "Manish, Pal"]
[Black "Daksh, Goyal"]
[Result "1-0"]
[WhiteElo "1321"]
[BlackElo "1814"]
[PlyCount "131"]
[EventDate "2023.11.30"]
[EventType "swiss"]
[EventRounds "7"]
[EventCountry "IND"]
[SourceTitle "CB50_2023"]
[SourceDate "2023.12.13"]
[SourceVersion "1"]
[SourceVersionDate "2023.12.13"]
[SourceQuality "1"]

1. e4 c6 2. d4 d5 3. Nd2 dxe4 4. Nxe4 Bf5 5. Ng3 Bg6 6. Nf3 Nd7 7. Bd3 e6 8. h4 Bxd3 9. Qxd3 Ngf6 10. Bg5 Qa5+ 11. Bd2 Qb6 12. 0-0 Be7 13. Rfe1 0-0 14. Nf5 exf5 15. Rxe7 Qxb2 16. Ree1 Qb5 17. Qxb5 cxb5 18. Reb1 a6 19. a4 Rfc8 20. axb5 Rxc2 21. bxa6 Rxa6 22. Rc1 Ne4 23. Rxc2 Rxa1+ 24. Kh2 h6 25. Be3 Rb1 26. Rc8+ Kh7 27. Rc7 Nef6 28. Kg3 b5 29. Ne5 Nxe5 30. dxe5 Nh5+ 31. Kf3 Kg6 32. Rc6+ f6 33. g3 Rb4 34. Bc5 Rb3+ 35. Kg2 f4 36. e6 fxg3 37. fxg3 Rb2+ 38. Kf3 Rb3+ 39. Kf2 Rb2+ 40. Kf3 Rb3+ 41. Kg2 Rb2+ 42. Kh3 Re2 43. e7 Kf7 44. Rc8 Rxe7 45. Bxe7 Kxe7 46. Rb8 f5 47. Rxb5 Ke6 48. Kg2 Nf6 49. Kf3 g5 50. Ra5 Ng4 51. Ra6+ Kd5 52. Ra5+ Ke6 53. Ra6+ Kd5 54. Rb6 Ne5+ 55. Kg2 gxh4 56. gxh4 Ng4 57. Kf3 Ke5 58. Rb5+ Kf6 59. Kf4 Kg6 60. Rxf5 Nf2 61. h5+ Kg7 62. Ra5 Nh3+ 63. Kf5 Ng5 64. Ra7+ Kf8 65. Kg6 Ne6 66. Kf6 1-0

[Event "IND-ch U15 47th"]
[Site "New Delhi"]
[Date "2022.12.06"]
[Round "11"]
[White "Ayaan, Garg"]
[Black "Daksh, Goyal"]
[Result "0-1"]
[WhiteElo "1443"]
[BlackElo "1741"]
[PlyCount "126"]
[EventDate "2022.11.28"]
[EventType "swiss"]
[EventRounds "11"]
[EventCountry "IND"]
[SourceTitle "EXT 2024"]
[Source "ChessBase"]
[SourceDate "2023.10.10"]
[SourceVersion "1"]
[SourceVersionDate "2023.10.10"]
[SourceQuality "1"]

1. d4 d5 2. c4 e6 3. Nf3 Nf6 4. Nc3 c6 5. Bg5 h6 6. Bh4 dxc4 7. e4 g5 8. Bg3 b5 9. Qc2 Bb7 10. Rd1 Nbd7 11. Be2 Bg7 12. e5 Nd5 13. Ne4 Bf8 14. h4 g4 15. Nfd2 h5 16. Ng5 Be7 17. a3 Qa5 18. Kf1 0-0-0 19. Nde4 Rdf8 20. Kg1 Kb8 21. Kh2 Ka8 22. Ra1 Qb6 23. Qd2 f5 24. exf6 N7xf6 25. Nxf6 Bxf6 26. a4 Qxd4 27. Qxd4 Bxd4 28. Nxe6 Bxb2 29. Ra2 Re8 30. Rxb2 Rxe6 31. axb5 cxb5 32. Ra1 Nc3 33. Bf1 Ba6 34. Rxa6 Rxa6 35. Be5 g3+ 36. Kh3 Nd1 37. Be2 Nxf2+ 38. Kxg3 Rf8 39. Rxb5 Ne4+ 40. Kh2 Nd2 41. Rb2 Re6 42. Rxd2 Rxe5 43. Bxc4 Rf4 44. Bd5+ Kb8 45. g3 Rb4 46. Bf3 a5 47. Rd8+ Kc7 48. Ra8 Kb6 49. Rb8+ Kc5 50. Rh8 a4 51. Bxh5 a3 52. Bf7 Rb7 53. Ra8 Rxf7 54. Rxa3 Kd4 55. Kh3 Re3 56. Ra4+ Ke5 57. Ra5+ Kf6 58. Ra6+ Ke7 59. Rg6 Kf8 60. Ra6 Rg7 61. Ra8+ Kf7 62. Ra7+ Kg8 63. h5 Rxa7 0-1

[Event "IND-ch U15 47th"]
[Site "New Delhi"]
[Date "2022.12.05"]
[Round "10"]
[White "Daksh, Goyal"]
[Black "Dhyey, Agarwal"]
[Result "0-1"]
[WhiteElo "1741"]
[BlackElo "1903"]
[PlyCount "52"]
[EventDate "2022.11.28"]
[EventType "swiss"]
[EventRounds "11"]
[EventCountry "IND"]
[SourceTitle "CBM 211 Extra"]
[Source "ChessBase"]
[SourceDate "2023.01.31"]
[SourceVersion "1"]
[SourceVersionDate "2023.01.31"]
[SourceQuality "1"]

1. c4 e6 2. d4 d5 3. Nc3 Nf6 4. cxd5 exd5 5. Bg5 Be7 6. e3 0-0 7. Qc2 h6 8. Bh4 Re8 9. Bd3 c6 10. Nge2 Nbd7 11. 0-0 Nh5 12. Bxe7 Qxe7 13. a3 Nb6 14. b4 a6 15. Na4 Nxa4 16. Qxa4 Bg4 17. Ng3 Nxg3 18. hxg3 h5 19. Qc2 h4 20. gxh4 Qxh4 21. Rae1 Bf3 22. Bh7+ Kh8 23. Bf5 g6 24. Bh3 Kg7 25. Kh2 Rh8 26. Rh1 Qg4 0-1

[Event "IND-ch U15 47th"]
[Site "New Delhi"]
[Date "2022.12.03"]
[Round "9"]
[White "Lavyaajyoti, Routray"]
[Black "Daksh, Goyal"]
[Result "0-1"]
[WhiteElo "1589"]
[BlackElo "1741"]
[PlyCount "54"]
[EventDate "2022.11.28"]
[EventType "swiss"]
[EventRounds "11"]
[EventCountry "IND"]
[SourceTitle "CBM 211 Extra"]
[Source "ChessBase"]
[SourceDate "2023.01.31"]
[SourceVersion "1"]
[SourceVersionDate "2023.01.31"]
[SourceQuality "1"]

1. d4 d5 2. c4 e6 3. Nf3 Nf6 4. g3 Be7 5. Bg2 0-0 6. 0-0 dxc4 7. Qc2 b5 8. a4 b4 9. Nfd2 Nd5 10. Nxc4 c5 11. e4 Nb6 12. Nxb6 axb6 13. dxc5 bxc5 14. Be3 Ra7 15. Rd1 Rd7 16. Rxd7 Qxd7 17. Nd2 Ba6 18. Nb3 Rc8 19. Qd1 c4 20. Qxd7 Nxd7 21. Rd1 Ne5 22. Nc1 c3 23. bxc3 bxc3 24. Bf4 c2 25. Rd4 Ba3 26. Nb3 Nd3 27. Bf1 Nxf4 0-1

[Event "IND-ch U15 47th"]
[Site "New Delhi"]
[Date "2022.11.30"]
[Round "4"]
[White "Daksh, Goyal"]
[Black "Nishant, Abhijeet Jawalkar"]
[Result "1/2-1/2"]
[WhiteElo "1741"]
[BlackElo "1454"]
[PlyCount "60"]
[EventDate "2022.11.28"]
[EventType "swiss"]
[EventRounds "11"]
[EventCountry "IND"]
[SourceTitle "CBM 211 Extra"]
[Source "ChessBase"]
[SourceDate "2023.01.31"]
[SourceVersion "1"]
[SourceVersionDate "2023.01.31"]
[SourceQuality "1"]

1. c4 Nf6 2. Nc3 g6 3. d4 Bg7 4. e4 d6 5. h3 0-0 6. Be3 c5 7. Nf3 cxd4 8. Nxd4 Nc6 9. Be2 Nxd4 10. Bxd4 Be6 11. 0-0 Rc8 12. b3 Qa5 13. Rc1 Nd7 14. Bxg7 Kxg7 15. Bg4 Bxg4 16. Qxg4 Nf6 17. Qe2 e6 18. Nb5 Qb6 19. Rcd1 Rfd8 20. Qb2 d5 21. g4 h6 22. h4 e5 23. Qxe5 Re8 24. Qd4 Rxe4 25. Qxb6 Rxg4+ 26. Kh2 Rxh4+ 27. Kg3 Rg4+ 28. Kf3 axb6 29. Rxd5 Nxd5 30. Kxg4 f5+ 1/2-1/2

[Event "IND-ch U16"]
[Site "New Delhi"]
[Date "2022.03.08"]
[Round "8"]
[White "Ankit, Ray"]
[Black "Daksh, Goyal"]
[Result "1/2-1/2"]
[WhiteElo "1895"]
[BlackElo "1735"]
[PlyCount "113"]
[EventDate "2022.03.04"]
[EventType "swiss"]
[EventRounds "9"]
[EventCountry "IND"]
[SourceTitle "CBM 207 Extra"]
[Source "ChessBase"]
[SourceDate "2022.05.31"]
[SourceVersion "1"]
[SourceVersionDate "2022.05.31"]
[SourceQuality "1"]

1. d4 d5 2. Nf3 Nf6 3. g3 e6 4. Bg2 Be7 5. 0-0 0-0 6. c4 dxc4 7. Qc2 b5 8. a4 b4 9. Nfd2 Nd5 10. Nxc4 c5 11. e4 Nb6 12. Nxb6 axb6 13. dxc5 bxc5 14. Be3 Nd7 15. Rd1 Qc7 16. Nd2 Ne5 17. Bf4 Ba6 18. Nf3 Nxf3+ 19. Bxf3 e5 20. Be3 Rad8 21. b3 g6 22. Be2 Bb7 23. Bc4 Kg7 24. Bd5 f5 25. Bxb7 Qxb7 26. Rxd8 Bxd8 27. exf5 gxf5 28. Bxc5 Rf7 29. Qd2 Qc8 30. Rc1 Rc7 31. Be3 Rxc1+ 32. Qxc1 Qe6 33. Qd1 Bc7 34. Bc5 Ba5 35. Qd3 e4 36. Qd4+ Kg6 37. Qd6 Qxd6 38. Bxd6 Kf6 39. Kf1 Ke6 40. Bf8 Kd5 41. Bg7 Bc7 42. Ke2 f4 43. gxf4 Bxf4 44. Bf8 Bxh2 45. Bxb4 h5 46. Be7 Bc7 47. b4 Kc4 48. Ke3 h4 49. Kxe4 h3 50. Kf3 Bb6 51. a5 h2 52. Kg2 Bxf2 53. Kxh2 Kb5 54. Kg2 Be1 55. Kf3 Bxb4 56. Bxb4 Ka6 57. Ke4 1/2-1/2

[Event "Mumbai Wealth op 6th"]
[Site "Mumbai"]
[Date "2022.01.06"]
[Round "8"]
[White "Daksh, Goyal"]
[Black "Bharadia, Yash"]
[Result "1/2-1/2"]
[WhiteElo "1352"]
[BlackElo "1675"]
[PlyCount "109"]
[EventDate "2021.12.30"]
[EventType "swiss"]
[EventRounds "9"]
[EventCountry "IND"]
[SourceTitle "EXT 2023"]
[Source "ChessBase"]
[SourceDate "2022.10.05"]
[SourceVersion "1"]
[SourceVersionDate "2022.10.05"]
[SourceQuality "1"]

1. c4 e5 2. Nc3 Nf6 3. Nf3 Nc6 4. e3 d5 5. cxd5 Nxd5 6. Bb5 Nxc3 7. bxc3 Bd6 8. d4 Bd7 9. 0-0 Qe7 10. e4 0-0 11. d5 Nd8 12. Bd3 b6 13. Nd2 Nb7 14. Nc4 Bc5 15. Kh1 Rad8 16. f4 f6 17. Bd2 b5 18. Ne3 exf4 19. Rxf4 Bd6 20. Rh4 Nc5 21. Qc2 f5 22. g3 g5 23. Rh5 fxe4 24. Be2 Be8 25. Rh6 Bg6 26. Ng4 Nd3 27. Bxd3 exd3 28. Rxg6+ hxg6 29. Qxd3 Rde8 30. Qxg6+ Qg7 31. Nf6+ Rxf6 32. Qxe8+ Kh7 33. Qxb5 Rf2 34. Qd3+ Qg6 35. Qxg6+ Kxg6 36. Be3 Rf7 37. Bd4 a6 38. c4 Rf3 39. c5 Be7 40. Rd1 Rf5 41. Bg1 Kf7 42. Kg2 g4 43. Be3 Rf3 44. Bg1 Rc3 45. Rf1+ Ke8 46. c6 Rd3 47. Rf5 Rd2+ 48. Rf2 Rxd5 49. Rf4 Rd2+ 50. Bf2 Rxa2 51. Rxg4 Rc2 52. Rf4 Bc5 53. Kf1 Bxf2 54. Rxf2 Rxc6 55. Kg2 1/2-1/2